Statistics for Top 10 Least Democratic European Countries

Click here to take the quiz!

General Stats

  • This quiz has been taken 519 times
  • The average score is 8 of 10

Answer Stats

ScoreCountryGrowth% Correct
2.41Belarus- 0.18
96%
3.24Russia- 0.07
95%
6.36Serbia0.14
90%
5.57Ukraine- 0.24
90%
6.10Moldova0.32
86%
6.11Albania0.03
81%
5.04Bosnia and Herzegovina0.20
78%
6.03North Macedonia0.14
77%
6.43Romania0.03
77%
6.02Montenegro0.25
76%

Score Distribution

Percentile by Number Answered

Percent of People with Each Score

Your Score History

You have not taken this quiz